000 00458nam a2200181Ia 4500
008 131103s9999 xx 000 0 und d
020 _a81 7530 0582
040 _aLoreto College
041 _aEnglish
082 _aLCBED/14457
100 _aGhosh, Amitav
245 4 _aThe imam and the Indian
_cAmitav Ghosh
260 _aDelhi
_bRavi Dayal
_c2006
300 _axix,361p.
_c 22cm.
650 _aEnglish Fiction
850 _aLCBED/F/GHO
942 _cBK
999 _c32792
_d83271